=LDR 00000nam 2200000 4500 =001 INLIS000000000062990 =005 20231106014457 =035 ##$$a 0010-1123000021 =007 ta =008 231106###########################0###### =082 ##$$a 915.985 34 =084 ##$$a 915.985 34 SUM p =100 #$$a Sumbawa, Dinas Pariwisata, Seni dan Budaya Kabupaten =245 1#$$a Profile Pariwisata Sumbawa /$c Dinas Pariwisata, Seni dan Budaya Kabupaten Sumbawa =260 ##$$a Sumbawa :$b Dinas Pariwisata, Seni dan Budaya Kabupaten Sumbawa,$c 2007 =300 ##$$a iii, 26 halaman : $b ilus ; $c 30 cm$e Lain-lain =650 #4$$a Pariwisata - Sumbawa =990 ##$$a 12631263 =990 ##$$a 064/39/2010